Разработка методики определения ионов аммония в сточных водах методом ионометрии; Химия и химическая технология в XXI веке

Dades bibliogràfiques
Parent link:Химия и химическая технология в XXI веке.— 2017.— [С. 197-198]
Autor principal: Гераскевич А. В. Алина Вадимовна
Autor corporatiu: Национальный исследовательский Томский политехнический университет (ТПУ) Институт неразрушающего контроля (ИНК) Кафедра экологии и безопасности жизнедеятельности (ЭБЖ)
Altres autors: Ларионова Е. В. Екатерина Владимировна (научный руководитель)
Sumari:Заглавие с экрана
Idioma:rus
Publicat: 2017
Col·lecció:Теоретические и прикладные аспекты физической и аналитической химии
Matèries:
Accés en línia:http://earchive.tpu.ru/handle/11683/41779
Format: MixedMaterials Electrònic Capítol de llibre
KOHA link:https://koha.lib.tpu.ru/cgi-bin/koha/opac-detail.pl?biblionumber=622879

MARC

LEADER 00000naa2a2200000 4500
001 622879
005 20241028115813.0
035 |a (RuTPU)RU\TPU\conf\21695 
035 |a RU\TPU\conf\21694 
090 |a 622879 
100 |a 20170713d2017 k y0rusy50 ca 
101 0 |a rus 
102 |a RU 
105 |a y z 101zy 
135 |a drgn ---uucaa 
181 0 |a i  
182 0 |a b 
200 1 |a Разработка методики определения ионов аммония в сточных водах методом ионометрии  |f А. В. Гераскевич  |g науч. рук. Е. В. Ларионова 
203 |a Текст  |c электронный 
225 1 |a Теоретические и прикладные аспекты физической и аналитической химии 
300 |a Заглавие с экрана 
320 |a [Библиогр.: с. 198 (2 назв.)] 
463 0 |0 (RuTPU)RU\TPU\conf\21448  |t Химия и химическая технология в XXI веке  |o материалы XVIII Международной научно-практической конференции студентов и молодых ученых имени профессора Л.П. Кулёва, 29 мая-1 июня 2017 г., г. Томск  |f Национальный исследовательский Томский политехнический университет (ТПУ) ; Институт природных ресурсов (ИПР) ; Институт физики высоких технологий (ИФВТ) ; Физико-технический институт (ФТИ)  |v [С. 197-198]  |d 2017 
610 1 |a труды учёных ТПУ 
610 1 |a электронный ресурс 
610 1 |a ионы 
610 1 |a сточные воды 
610 1 |a ионометрические методы 
610 1 |a мониторинг 
610 1 |a электрохимические ячейки 
700 1 |a Гераскевич  |b А. В.  |c химик-технолог  |c инженер Томского политехнического университета  |f 1997-  |g Алина Вадимовна  |3 (RuTPU)RU\TPU\pers\46866  |9 22488 
702 1 |a Ларионова  |b Е. В.  |c химик  |c доцент Томского политехнического университета, кандидат химических наук  |f 1978-  |g Екатерина Владимировна  |4 727 
712 0 2 |a Национальный исследовательский Томский политехнический университет (ТПУ)  |b Институт неразрушающего контроля (ИНК)  |b Кафедра экологии и безопасности жизнедеятельности (ЭБЖ)  |3 (RuTPU)RU\TPU\col\18720 
801 2 |a RU  |b 63413507  |c 20210524  |g RCR 
856 4 |u http://earchive.tpu.ru/handle/11683/41779 
942 |c BK